| 000 | 01486nam0a2200337 i 4500 | ||
|---|---|---|---|
| 001 | RU\NLR\BIBL_A\011382614 | ||
| 005 | 20241114204958.0 | ||
| 010 |
_a9785914123250 _9300 |
||
| 021 |
_aRU _b2017-26030 _91931 |
||
| 035 | _a(RuMoRGB)008850615 | ||
| 035 | _a(NLR Aleph) 011382614 | ||
| 090 |
_a11409825 _c11409825 |
||
| 100 | _a20170510d2016 k y0rusy50 ca | ||
| 101 | 0 | _arus | |
| 102 | _aRU | ||
| 105 | _aa|||z|||000zy | ||
| 200 | 1 |
_aМатериально-техническое обеспечение инновационной деятельности предприятий атомной энергетики _e[монография] _fДли М.И., Кириллова Е.А., Булыгина О.В. |
|
| 210 |
_aСмоленск _cУниверсум _d2016 |
||
| 215 |
_a139, [2] с. _cил. _d21 |
||
| 320 | _aБиблиогр.: с. 121-137 (147 назв.) | ||
| 606 |
_aЯдерная энергетика _xИнновационная деятельность _yРоссийская Федерация _92374397 _3RU\NLR\AUTH\661417055 |
||
| 686 |
_aУ9(2)305.771-591,0 _2rubbk |
||
| 686 | 1 | _aУ30(2)571.13-55(2Р) | |
| 686 | 1 | _aУ30(2)571.13-591 | |
| 700 | 1 |
_aДли _bМ. И. _gМаксим Иосифович |
|
| 701 | 1 |
_aКириллова _bЕ. А. _gЕлена Александровна |
|
| 701 | 1 |
_aБулыгина _bО. В. _gОльга Валентиновна |
|
| 942 | _cBOOK | ||
| 980 | _aNBR | ||